[Event "Andorra open 2005"]
[Site "Andorra AND"]
[Date "2005.07.16"]
[Round "8.4"]
[White "De la Riva Aguado, Oscar"]
[Black "Perez Candelario, Manuel"]
[Result "0-1"]
[WhiteElo "2548"]
[BlackElo "2504"]
[PlyCount "106"]
[EventDate "2005.07.17"]
[EventType "swiss"]
[EventRounds "9"]
[EventCountry "AND"]
[Source "lmi"]
[SourceDate "2005.07.17"]

1. e4 e5 2. Nf3 Nc6 3. Bb5 a6 4. Ba4 Nf6 5. O-O Be7 6. Re1 b5 7. Bb3 d6 8. c3
O-O 9. d4 Bg4 10. d5 Na5 11. Bc2 Qc8 12. Nbd2 c6 13. b4 Nb7 14. dxc6 Qxc6 15.
Bb2 Nd8 16. Nf1 Qb7 17. Ne3 Bd7 18. Bb3 Re8 19. c4 Bc6 20. cxb5 Bxe4 21. Ng5
Bg6 22. Nc4 Qb8 23. bxa6 Rxa6 24. a3 h6 25. Nf3 Ne6 26. Nh4 Bh7 27. Ne3 Nf4 28.
Nhf5 Bf8 29. g3 Nh3+ 30. Kg2 Ng5 31. f3 Qc8 32. Rc1 Qd7 33. Nh4 Qh3+ 34. Kg1
Nh5 35. Neg2 Nxg3 36. f4 N5e4 37. Qf3 Nd2 38. Bxf7+ Kxf7 39. Qd5+ Qe6 40. Qxd2
Ne4 41. Qe2 d5 42. Rf1 Kg8 43. fxe5 Be7 44. Nf3 Bd8 45. Nd4 Bb6 46. Nf4 Qxe5
47. Rcd1 Raa8 48. Kh1 Nf6 49. Qxe5 Rxe5 50. Nf3 Rf5 51. Ne5 Re8 52. Nc6 Rg5 53.
h3 Re2 0-1

[Event "Andorra open 2005"]
[Site "Andorra AND"]
[Date "2005.07.16"]
[Round "8.5"]
[White "Oms Pallise, Josep"]
[Black "Kallio, Heikki"]
[Result "0-1"]
[WhiteElo "2476"]
[BlackElo "2507"]
[PlyCount "112"]
[EventDate "2005.07.17"]
[EventType "swiss"]
[EventRounds "9"]
[EventCountry "AND"]
[Source "lmi"]
[SourceDate "2005.07.17"]

1. d4 Nf6 2. c4 e6 3. Nf3 b6 4. g3 Ba6 5. b3 b5 6. cxb5 Bxb5 7. Ba3 Bxa3 8.
Nxa3 Bc6 9. Bg2 a5 10. O-O O-O 11. Nc4 Bd5 12. Rc1 Nc6 13. Nfe5 Bxg2 14. Kxg2
Ra6 15. e3 Nb4 16. a3 Nbd5 17. Qf3 c6 18. Nd3 Ne7 19. Qe2 Ra7 20. a4 d6 21.
Rfd1 Qb8 22. Qc2 Rd8 23. Nd2 Qb6 24. Kg1 Raa8 25. Rb1 Qa7 26. Rdc1 h6 27. Qa2
Qd7 28. Nc4 Rdb8 29. Qa3 Nc8 30. f3 Nd5 31. e4 Nb4 32. Nxb4 Rxb4 33. Nxa5 Rxd4
34. Nxc6 Rd3 35. Qb2 Rxf3 36. Kg2 Re3 37. Qd4 Re2+ 38. Kg1 e5 39. Qd3 Ra2 40.
Rc2 Rxc2 41. Qxc2 Na7 42. Nb4 Rc8 43. Qd3 Nc6 44. Nxc6 Rxc6 45. Rd1 h5 46. Kg2
h4 47. a5 h3+ 48. Kh1 Qc8 49. b4 g6 50. Kg1 Rc1 51. Kf2 Rc3 52. Qxd6 Qg4 53.
Rd3 Rc2+ 54. Rd2 Qxe4 55. a6 Rc3 56. Re2 Qg2+ 0-1

[Event "Andorra open 2005"]
[Site "Andorra AND"]
[Date "2005.07.16"]
[Round "8.6"]
[White "Asis Gargatagli, Hipolit"]
[Black "Arizmendi Martinez, Julen"]
[Result "1/2-1/2"]
[WhiteElo "2395"]
[BlackElo "2504"]
[PlyCount "37"]
[EventDate "2005.07.17"]
[EventType "swiss"]
[EventRounds "9"]
[EventCountry "AND"]
[Source "lmi"]
[SourceDate "2005.07.17"]

1. e4 e6 2. Nf3 d5 3. Nc3 Nf6 4. e5 Nfd7 5. d4 c5 6. dxc5 Nc6 7. Bf4 Nxc5 8.
Bd3 a6 9. O-O Be7 10. Re1 g5 11. Bg3 g4 12. Nd2 Nxd3 13. cxd3 h5 14. Nb3 Na5
15. Bf4 Bd7 16. Nxa5 Qxa5 17. d4 Rc8 18. Qd2 Rg8 19. Rec1 1/2-1/2

[Event "Andorra open 2005"]
[Site "Andorra AND"]
[Date "2005.07.16"]
[Round "8.7"]
[White "Conquest, Stuart"]
[Black "Pogorelov, Ruslan"]
[Result "1-0"]
[WhiteElo "2503"]
[BlackElo "2442"]
[PlyCount "101"]
[EventDate "2005.07.17"]
[EventType "swiss"]
[EventRounds "9"]
[EventCountry "AND"]
[Source "lmi"]
[SourceDate "2005.07.17"]

1. d4 e6 2. g3 Nf6 3. Bg2 c5 4. Nf3 cxd4 5. Nxd4 d5 6. O-O Be7 7. c4 O-O 8.
cxd5 Nxd5 9. Qb3 Na6 10. Rd1 Nc5 11. Qf3 Qc7 12. Na3 Bd7 13. Bd2 Bf6 14. Be1
Bxd4 15. Rxd4 Bc6 16. Rc1 Nd7 17. Rh4 N7f6 18. Qd3 Rfd8 19. Qb1 h6 20. Nc4 a5
21. a3 a4 22. e4 Ne7 23. Bc3 Ng6 24. Bxf6 gxf6 25. Rxh6 Kg7 26. Rh5 Rd4 27. Qc2
Rad8 28. h4 Qd7 29. Kh2 Rd1 30. Bf3 Rxc1 31. Qxc1 Kf8 32. Rh7 Qd4 33. Qh6+ Ke8
34. Ne3 Nf8 35. Rh8 Ke7 36. Ng4 Ng6 37. Rh7 Rg8 38. h5 Bxe4 39. Bxe4 Qxe4 40.
hxg6 Rxg6 41. Qc1 Qc6 42. Qxc6 bxc6 43. Nh6 Rg5 44. Nxf7 Rb5 45. Ne5+ Kd6 46.
Nc4+ Kc5 47. Rh4 e5 48. Kg2 Kd5 49. Ne3+ Kc5 50. Rc4+ Kb6 51. Rxa4 1-0

[Event "Andorra open 2005"]
[Site "Andorra AND"]
[Date "2005.07.16"]
[Round "8.8"]
[White "Spraggett, Kevin"]
[Black "De la Villa Garcia, Jesus"]
[Result "1-0"]
[WhiteElo "2592"]
[BlackElo "2472"]
[PlyCount "83"]
[EventDate "2005.07.17"]
[EventType "swiss"]
[EventRounds "9"]
[EventCountry "AND"]
[Source "lmi"]
[SourceDate "2005.07.17"]

1. e4 e6 2. d4 d5 3. Nc3 Bb4 4. e5 c5 5. a3 Ba5 6. Bd2 Nc6 7. Qg4 Nge7 8. dxc5
O-O 9. f4 f6 10. Nf3 fxe5 11. fxe5 d4 12. Ne4 Ng6 13. Qg3 Qd5 14. Bd3 Bxd2+ 15.
Nexd2 Ncxe5 16. Nxe5 Qxe5+ 17. Qxe5 Nxe5 18. Be4 Nd7 19. b4 a5 20. Ke2 Nf6 21.
Bf3 e5 22. Ne4 axb4 23. Nxf6+ gxf6 24. axb4 Rb8 25. Ra7 Re8 26. Bd5+ Be6 27.
Bxb7 Re7 28. c6 Bc8 29. Ra8 Rxa8 30. Bxa8 Ra7 31. Bb7 Bxb7 32. Ra1 Bxc6 33.
Rxa7 e4 34. Ra5 Kf7 35. Rc5 Ba4 36. b5 Ke6 37. b6 Kd6 38. b7 Kxc5 39. b8=Q Bxc2
40. Kd2 Bd3 41. Qc7+ Kd5 42. Qxh7 1-0

[Event "Andorra open 2005"]
[Site "Andorra AND"]
[Date "2005.07.16"]
[Round "8.9"]
[White "Hauchard, Arnaud"]
[Black "Tratar, Marko"]
[Result "1/2-1/2"]
[WhiteElo "2490"]
[BlackElo "2419"]
[PlyCount "134"]
[EventDate "2005.07.17"]
[EventType "swiss"]
[EventRounds "9"]
[EventCountry "AND"]
[Source "lmi"]
[SourceDate "2005.07.17"]

1. d4 d6 2. g3 e5 3. dxe5 dxe5 4. Qxd8+ Kxd8 5. Nc3 c6 6. f4 Nd7 7. Nf3 exf4 8.
gxf4 Ngf6 9. Bd2 Nc5 10. Ne5 Ke8 11. Bg2 Nfd7 12. Nc4 a5 13. O-O-O g6 14. a3 a4
15. e4 b5 16. Ne3 Bb7 17. e5 Kd8 18. h4 h5 19. Nf1 Kc7 20. Ng3 Nb6 21. Kb1 Nc4
22. Bc1 Be7 23. f5 Nxe5 24. Bf4 f6 25. fxg6 Rag8 26. Nf5 Bf8 27. Ne4 Nxe4 28.
Bxe4 Rxg6 29. Nd4 Rgg8 30. Ne6+ Kb6 31. Be3+ c5 32. Bxb7 Kxb7 33. Bxc5 Bxc5 34.
Nxc5+ Kc6 35. Na6 Rd8 36. Nb4+ Kc5 37. Rxd8 Rxd8 38. Rf1 Rd4 39. Na6+ Kd5 40.
Rxf6 Rxh4 41. Nc7+ Kc4 42. Rf5 Rh1+ 43. Ka2 Nc6 44. Nxb5 h4 45. Rh5 h3 46. Nd6+
Kd4 47. Nf5+ Kc4 48. Nd6+ Kd4 49. Nf5+ Kc4 50. Ng3 Rh2 51. Nf1 Rh1 52. Ng3 Rh2
53. Nf1 Rh1 54. Ne3+ Kd4 55. Ng4 Kc4 56. Rh4 Kb5 57. Nf2 Rh2 58. Rh5+ Kc4 59.
Rh4+ Kb5 60. Nxh3 Rxc2 61. Ng5 Rc4 62. Rh1 Na5 63. Re1 Nb3 64. Nf3 Nc1+ 65. Kb1
Nd3 66. Re3 Rc1+ 67. Ka2 Nc5 1/2-1/2

[Event "Andorra open 2005"]
[Site "Andorra AND"]
[Date "2005.07.17"]
[Round "9.2"]
[White "Perez Candelario, Manuel"]
[Black "Peralta, Fernando"]
[Result "1/2-1/2"]
[WhiteElo "2504"]
[BlackElo "2553"]
[PlyCount "30"]
[EventDate "2005.07.17"]
[EventType "swiss"]
[EventRounds "9"]
[EventCountry "AND"]
[Source "lmi"]
[SourceDate "2005.07.17"]

1. e4 d6 2. d4 Nf6 3. Nc3 g6 4. f3 c6 5. Be3 Qb6 6. a3 Bg7 7. Bc4 d5 8. Bb3
dxe4 9. Qd2 O-O 10. O-O-O exf3 11. Nxf3 Bg4 12. Rhf1 Nbd7 13. h3 Bxf3 14. Rxf3
Qa6 15. Bg5 c5 1/2-1/2

[Event "Andorra open 2005"]
[Site "Andorra AND"]
[Date "2005.07.17"]
[Round "9.3"]
[White "Maze, Sebastien"]
[Black "Campos Moreno, Javier"]
[Result "1/2-1/2"]
[WhiteElo "2494"]
[BlackElo "2443"]
[PlyCount "39"]
[EventDate "2005.07.17"]
[EventType "swiss"]
[EventRounds "9"]
[EventCountry "AND"]
[Source "lmi"]
[SourceDate "2005.07.17"]

1. e4 c5 2. Nf3 d6 3. Bb5+ Nd7 4. O-O Ngf6 5. d4 cxd4 6. Qxd4 a6 7. Bxd7+ Bxd7
8. Bg5 e6 9. Nbd2 Bc6 10. Nc4 Bxe4 11. Bxf6 Qxf6 12. Qxe4 d5 13. Qe2 dxc4 14.
Rad1 Rd8 15. Qe4 Bc5 16. Rxd8+ Qxd8 17. Qxb7 O-O 18. Qxa6 Qd5 19. b3 Ra8 20.
Qxc4 1/2-1/2

[Event "Andorra open 2005"]
[Site "Andorra AND"]
[Date "2005.07.17"]
[Round "9.5"]
[White "Arizmendi Martinez, Julen"]
[Black "Fluvia Poyatos, Jordi"]
[Result "0-1"]
[WhiteElo "2504"]
[BlackElo "2448"]
[PlyCount "92"]
[EventDate "2005.07.17"]
[EventType "swiss"]
[EventRounds "9"]
[EventCountry "AND"]
[Source "lmi"]
[SourceDate "2005.07.17"]

1. e4 e6 2. d4 d5 3. Nc3 Bb4 4. exd5 exd5 5. Bd3 Nc6 6. a3 Bxc3+ 7. bxc3 Nce7
8. Qf3 Nf6 9. Ne2 O-O 10. h3 Ne4 11. c4 c6 12. cxd5 cxd5 13. Bxe4 dxe4 14. Qxe4
Bf5 15. Qxb7 Bxc2 16. O-O Nf5 17. Be3 Re8 18. Nc3 Rc8 19. Qb2 Rxe3 20. fxe3
Nxe3 21. Rf3 Qxd4 22. Nd1 Qxb2 23. Nxb2 Nxg2 24. Rc1 Nh4 25. Rf4 g5 26. Rc4
Rxc4 27. Nxc4 Bf5 28. Kh2 Be6 29. Nd6 Nf3+ 30. Kg3 Nd4 31. Rc5 f5 32. Kf2 Kg7
33. Ke3 Nb3 34. Rc7+ Kf6 35. Kd3 f4 36. h4 gxh4 37. Ke4 h3 38. Rc2 Kg5 39. Ke5
Kg4 40. Ne4 Bf5 41. Nf6+ Kg5 42. Ne4+ Bxe4 43. Kxe4 Kg4 44. Rc7 Nd2+ 45. Kd3
Nf3 46. Rxh7 h2 0-1

[Event "Andorra open 2005"]
[Site "Andorra AND"]
[Date "2005.07.17"]
[Round "9.6"]
[White "Fluvia Poyatos, Joan"]
[Black "Conquest, Stuart"]
[Result "0-1"]
[WhiteElo "2458"]
[BlackElo "2503"]
[PlyCount "80"]
[EventDate "2005.07.17"]
[EventType "swiss"]
[EventRounds "9"]
[EventCountry "AND"]
[Source "lmi"]
[SourceDate "2005.07.17"]

1. e4 c6 2. d4 d5 3. e5 Bf5 4. Be3 e6 5. Nd2 Nd7 6. Be2 Rc8 7. Ngf3 Bg6 8. O-O
Nh6 9. Bxh6 gxh6 10. c4 dxc4 11. Nxc4 Nb6 12. Qb3 Rg8 13. a4 Nd5 14. Nfd2 Nb4
15. Rac1 Rc7 16. Bf3 Be7 17. g3 Kf8 18. Rfd1 Nd3 19. Rc2 Qxd4 20. Nf1 Nc5 21.
Qa2 Bd3 22. Nd6 Qxe5 23. Rxc5 Qxc5 24. Nxf7 Bxf1 25. Qxe6 Rg6 26. Qe4 Kxf7 27.
Rxf1 Kg7 28. Re1 Bg5 29. b4 Qe7 30. Qb1 Re6 31. Rd1 Bf6 32. h4 Bc3 33. Qb3 Qf6
34. Rd3 Bd4 35. Kg2 Rce7 36. Qc2 Re2 37. Rd2 Rxd2 38. Qxd2 Rf7 39. Qd3 a6 40.
Kh3 Qf5+ 0-1

[Event "Andorra open 2005"]
[Site "Andorra AND"]
[Date "2005.07.17"]
[Round "9.7"]
[White "Berkovich, Mark A"]
[Black "Asis Gargatagli, Hipolit"]
[Result "1/2-1/2"]
[WhiteElo "2400"]
[BlackElo "2395"]
[PlyCount "109"]
[EventDate "2005.07.17"]
[EventType "swiss"]
[EventRounds "9"]
[EventCountry "AND"]
[Source "lmi"]
[SourceDate "2005.07.17"]

1. Nf3 Nf6 2. g3 g6 3. Bg2 Bg7 4. O-O O-O 5. c4 d6 6. Nc3 e5 7. d3 Nc6 8. Rb1
a5 9. a3 h6 10. b4 axb4 11. axb4 Be6 12. b5 Ne7 13. Nd2 Rb8 14. Ba3 b6 15. Qb3
Nd7 16. Na2 f5 17. Nb4 Nc5 18. Qc2 f4 19. e3 fxe3 20. fxe3 Bf5 21. Nb3 Qd7 22.
Nxc5 dxc5 23. Nd5 Nxd5 24. Bxd5+ Kh8 25. Bb2 Bh3 26. Bg2 Bxg2 27. Kxg2 Rbd8 28.
Rxf8+ Rxf8 29. e4 Rd8 30. Rd1 Kg8 31. h3 Rf8 32. Qe2 Qf7 33. Bc3 Kh7 34. Rf1
Qxf1+ 35. Qxf1 Rxf1 36. Kxf1 g5 37. Ke2 Kg6 38. Kf3 h5 39. Be1 Bf8 40. Bf2 Bd6
41. Bg1 Kf6 42. Be3 Kg6 43. Bd2 Be7 44. Bc1 Bd6 45. Kf2 g4 46. Kg2 Be7 47. Bb2
Bd6 48. Bc3 Kf6 49. Be1 Kg6 50. Bd2 Be7 51. Be3 Bd6 52. Bd2 Be7 53. Bc3 Bd6 54.
h4 Kf6 55. Bb2 1/2-1/2

[Event "Andorra open 2005"]
[Site "Andorra AND"]
[Date "2005.07.17"]
[Round "9.8"]
[White "Postny, Evgeny"]
[Black "Vassallo, Mauricio"]
[Result "1-0"]
[WhiteElo "2559"]
[BlackElo "2410"]
[PlyCount "89"]
[EventDate "2005.07.17"]
[EventType "swiss"]
[EventRounds "9"]
[EventCountry "AND"]
[Source "lmi"]
[SourceDate "2005.07.17"]

1. d4 d6 2. e4 Nf6 3. f3 e5 4. d5 Be7 5. Be3 c6 6. c4 a6 7. Nc3 O-O 8. Bd3 b5
9. Nge2 b4 10. Nb1 a5 11. a3 Na6 12. axb4 Nxb4 13. dxc6 Qc7 14. Nec3 Qxc6 15.
O-O Bd8 16. Na4 Be6 17. b3 Rb8 18. Rf2 Nxd3 19. Qxd3 Ne8 20. Na3 f5 21. exf5
Bxf5 22. Qd1 Be6 23. Rd2 Bf6 24. Rc1 Be7 25. Nb5 Rxb5 26. cxb5 Qxb5 27. Nc3 Qb7
28. Nd5 Bd8 29. Rc3 h6 30. h3 Rf7 31. Kh1 Rd7 32. Bf2 Rf7 33. Ne3 Bg5 34. Re2
d5 35. Rc5 Nf6 36. Rxa5 d4 37. Nc4 Bxc4 38. bxc4 e4 39. f4 Bxf4 40. Qxd4 Rd7
41. Rb5 Qa6 42. Qb6 Qa4 43. Qe6+ Kh7 44. Qf5+ Kg8 45. Qxf4 1-0

[Event "Andorra open 2005"]
[Site "Andorra AND"]
[Date "2005.07.17"]
[Round "9.9"]
[White "Tratar, Marko"]
[Black "De la Riva Aguado, Oscar"]
[Result "1/2-1/2"]
[WhiteElo "2419"]
[BlackElo "2548"]
[PlyCount "97"]
[EventDate "2005.07.17"]
[EventType "swiss"]
[EventRounds "9"]
[EventCountry "AND"]
[Source "lmi"]
[SourceDate "2005.07.17"]

1. Nf3 d5 2. d4 Nf6 3. c4 c6 4. e3 Bg4 5. cxd5 Bxf3 6. gxf3 cxd5 7. Qb3 Qd7 8.
Nc3 Nc6 9. Bd2 e6 10. Rc1 Bd6 11. Bd3 O-O 12. f4 Rac8 13. Ne2 Ne4 14. Bxe4 dxe4
15. O-O Ne7 16. Rxc8 Rxc8 17. Rc1 Rxc1+ 18. Bxc1 Nd5 19. Nc3 Qc6 20. Bd2 Nc7
21. Qa4 Qxa4 22. Nxa4 f5 23. Nc3 Kf7 24. Kg2 h6 25. h3 g5 26. fxg5 hxg5 27. f3
exf3+ 28. Kxf3 Kg6 29. e4 Kh5 30. d5 g4+ 31. hxg4+ fxg4+ 32. Kg2 Be5 33. b3 Kg6
34. dxe6 Nxe6 35. Nd5 Nc5 36. Be3 Nxe4 37. Bxa7 Kf5 38. Ne3+ Kg5 39. Nc4 Bc7
40. a4 Nf6 41. Ne3 b6 42. b4 Kf4 43. Nc4 Nd5 44. a5 b5 45. Na3 Nxb4 46. Bb6 Nd5
47. Nxb5 Bxb6 48. axb6 Nxb6 49. Nc3 1/2-1/2